000 00374cam a2200145ua 4500
003 OSt
008 250101b |||||||| |||| 00| 0 eng d
041 _aeng
082 _a621.37
_bJOH/PR
100 _aJohnson, Jack .
_96703
245 _aPrecision measurement: Methods and formulas /
260 _aLondon :
_bSir Isaac Pitman & Sons Ltd.
300 _a181 ; .
942 _cBK
999 _c9326
_d9326